| 000 | 00388nam a2200145Ia 4500 | ||
|---|---|---|---|
| 008 | 230312s9999||||xx |||||||||||||| ||und|| | ||
| 020 | _a1-906155-28-5 | ||
| 082 |
_a720.19 _bWOO-M |
||
| 100 | _aWoodman; Ellis | ||
| 245 | 0 | _aModernity and Reinvention the Architecuter of James Gowan | |
| 260 |
_bBlack Dog Publishing _aUK _c2008 |
||
| 300 | _a234 | ||
| 650 | _aArchitecture | ||
| 942 | _cBK | ||
| 999 |
_c11871 _d11871 |
||